000 00385nam a22001577a 4500
005 20251108174612.0
008 250721s1993 xx 000 0 eng d
082 1 4 _aJ/F/THR
245 1 4 _aThe Three Kittens /
264 _c1993.
650 1 7 _aFICTION
650 1 7 _aCHILDREN
653 _aاطفال مرحله متوسطه (6-9)سنوات
942 _2ddc
_cBK
999 _c113313
_d113313